000 00563nam a2200205 a 4500
005 20191224041520.0
008 140220b1999 lo ||||| |||| 00| 0 ita d
040 _aCO-BoIAVH
_cCO-BoIAVH
041 _aita
044 _ait
082 _a660.6
_bM66l
111 _aBiotecnologie
_cAtti del Seminario
_d99
245 1 3 _aLe Biotecnologie
260 _aRoma
_bMinistero dell Ambiente
_c1999
300 _a77 páginas
_c20 x 14 cm
650 1 4 _aBiotecnología
650 1 4 _aMicrobiología
650 1 4 _aInvestigación
942 _cLIBRO
_2ddc
999 _c259
_d259